[Event "Bizovac Metalis op 12th"]
[Site "Bizovac"]
[Date "2005.02.24"]
[Round "2"]
[White "Butorac, Ivan"]
[Black "Kosic, Dragan"]
[Result "1/2-1/2"]
[WhiteElo "2235"]
[BlackElo "2521"]
[PlyCount "74"]
[EventDate "2005.02.24"]
[EventType "swiss"]
[EventRounds "7"]
[EventCountry "CRO"]
[SourceTitle "CBM 105 Extra"]
[Source "ChessBase"]
[SourceDate "2005.05.01"]
[SourceVersion "1"]
[SourceVersionDate "2005.05.01"]
[SourceQuality "1"]

1. e4 e6 2. d4 d5 3. Nd2 c5 4. Bb5+ Bd7 5. Bxd7+ Qxd7 6. dxc5 Nc6 7. exd5 Qxd5 8. Ngf3 Bxc5 9. 0-0 Nf6 10. Qe2 0-0 11. Nb3 Bb6 12. Be3 Bc7 13. h3 Qh5 14. Rfe1 Nd5 15. Rad1 Ne5 16. Nbd4 Nxe3 17. Qxe3 Ng6 18. c4 Rad8 19. b4 Nf4 20. Ne2 Nxe2+ 21. Qxe2 Qf5 22. c5 a6 23. Qc4 Qf4 24. Qxf4 Bxf4 25. g3 Bc7 26. Kf1 Rfe8 27. Ke2 f6 28. Nd4 Kf7 29. a4 Rd5 30. Nb3 Red8 31. Rxd5 Rxd5 32. Rc1 Ke7 33. b5 axb5 34. axb5 b6 35. Ra1 bxc5 36. Ra7 Kd8 37. Ra8+ Kd7 1/2-1/2

[Event "CRO-chT"]
[Site "Pula"]
[Date "1999.09.10"]
[Round "2"]
[White "Kljako, Damir"]
[Black "Butorac, Ivan"]
[Result "1-0"]
[WhiteElo "2253"]
[BlackElo "2274"]
[PlyCount "131"]
[EventDate "1999.09.05"]
[EventType "team"]
[EventRounds "9"]
[EventCountry "CRO"]
[SourceTitle "EXT 2000"]
[Source "ChessBase"]
[SourceDate "1999.11.16"]
[SourceVersion "1"]
[SourceVersionDate "1999.11.16"]
[SourceQuality "1"]

1. d4 Nf6 2. Nf3 d5 3. Bf4 c6 4. Nbd2 Bf5 5. h3 h6 6. e3 e6 7. Be2 Nbd7 8. 0-0 Be7 9. Ne5 Nxe5 10. Bxe5 0-0 11. g4 Bh7 12. Bg3 c5 13. c3 Qb6 14. Qb3 c4 15. Qxb6 axb6 16. f3 b5 17. a3 Ra6 18. Rac1 Nd7 19. Bd1 e5 20. Bc2 Bxc2 21. Rxc2 Bf6 22. f4 exd4 23. exd4 Re6 24. Re1 Rfe8 25. Rxe6 Rxe6 26. Kf2 Nb6 27. Nf3 Bd8 28. f5 Re4 29. Nd2 Re8 30. Nf3 Na4 31. Be5 Nb6 32. Rd2 Bg5 33. Rd1 Na4 34. Rb1 Bd8 35. Bf4 Re4 36. Be3 Bc7 37. Nd2 Re7 38. Nf1 h5 39. Bg5 f6 40. Bd2 hxg4 41. hxg4 Re4 42. Kf3 Nb6 43. Be3 Re8 44. Rc1 Kf7 45. Rc2 Rh8 46. Rg2 Rh1 47. Ke2 Nc8 48. Rg1 Rh3 49. Rg2 Ne7 50. Nd2 Rh1 51. Nf1 g6 52. fxg6+ Kxg6 53. Rg1 Rxg1 54. Bxg1 Bf4 55. Be3 Bd6 56. Kf3 Kf7 57. Bf4 Bxf4 58. Kxf4 Ke6 59. Ne3 Ng6+ 60. Kf3 Ne7 61. Kf4 Ng6+ 62. Kg3 Ne7 63. Ng2 Kf7 64. Nf4 f5 65. g5 Ke8 66. Ne6 1-0

[Event "Bela Crkva 8th op"]
[Site "Bela Crkva"]
[Date "1987.06.19"]
[Round "3"]
[White "Butorac, Ivan"]
[Black "Vucicevic, Moma"]
[Result "1/2-1/2"]
[WhiteElo "2275"]
[BlackElo "2370"]
[PlyCount "94"]
[EventDate "1989.06.17"]
[EventType "swiss"]
[EventRounds "11"]
[EventCountry "YUG"]
[SourceTitle "EXT 2002"]
[Source "ChessBase"]
[SourceDate "2001.11.25"]
[SourceVersion "1"]
[SourceVersionDate "2001.11.25"]
[SourceQuality "1"]

1. Nf3 Nf6 2. d4 g6 3. g3 Bg7 4. Bg2 0-0 5. 0-0 d6 6. c3 Nbd7 7. Nbd2 e5 8. dxe5 Nxe5 9. Nxe5 dxe5 10. Qb3 c6 11. Nf3 Qe7 12. Rd1 e4 13. Nd4 a6 14. a4 Rd8 15. Re1 Nd5 16. Nc2 Be6 17. Qa3 Qxa3 18. Rxa3 f5 19. g4 Nb6 20. gxf5 gxf5 21. Nd4 Bxd4 22. cxd4 Rxd4 23. Rg3+ Kf7 24. Rh3 Rg8 25. Rxh7+ Rg7 26. Rxg7+ Kxg7 27. Be3 Rb4 28. f3 Nd5 29. Bc5 Rc4 30. Bd6 e3 31. b3 Rc2 32. f4 Nc3 33. Bf3 Bxb3 34. Be5+ Kh7 35. a5 Bd5 36. Bxd5 Nxd5 37. Kg2 Ra2 38. Kf3 Rxa5 39. Rg1 Rb5 40. Rg5 a5 41. Rxf5 Kg8 42. h4 Rb1 43. Rg5+ Kf7 44. Rg7+ Ke6 45. Rg6+ Kf5 46. Rg5+ Ke6 47. Rg6+ Kf5 1/2-1/2